000 00302nam a22001337a 4500
008 170830b xxu||||| |||| 00| 0 eng d
020 _a9780534606787
041 _aeng
080 _27TH
_a070
100 _a40
101 _aMED
245 _aCOMMUNICATING FOR RESULTS
_cHAMILTON,.CH
942 _2udc
_cBK
999 _c25632
_d25632